Hold Me While You Wait - Lewis Capaldi - All Lyrics - Statistics

General Stats
  • This quiz has been taken 72 times
  • The average score is 335 of 380
Answer Stats
Answer % Correct
Hold
100%
(Hold
100%
hold
100%
I
100%
me,
100%
me
100%
Oh,
100%
wait
100%
wait)
100%
while
100%
while?
100%
you
100%
you,
100%
a
96%
love,
96%
love
96%
my
96%
My
96%
(My
96%
enough
93%
good
93%
that
93%
was
93%
wish
93%
So
91%
stay
91%
Stay
91%
to
91%
could
87%
If
87%
up,
87%
up
87%
Won’t
87%
won't
87%
Before
82%
before
82%
only
82%
we
82%
all
80%
all?
80%
I'm
80%
wake
80%
more,
78%
more
78%
tell
78%
Tell
78%
this
78%
This
78%
little
76%
But
73%
but
73%
can
73%
time
73%
time,
73%
is
71%
Is
71%
need
71%
don't
69%
it
69%
told
69%
too
69%
us
69%
waitin'
69%
And
67%
down
67%
know
67%
precious
67%
you'd
67%
you're
67%
around?
64%
away
64%
cared
64%
someone
64%
our
62%
still
62%
turn
62%
believe
60%
believe)
60%
come
60%
fate,
60%
old
60%
same
60%
something
60%
late
58%
missin'
58%
savin'
58%
truth
58%
close
56%
Losin'
56%
waste
56%
way
56%
faith
53%
gonna
53%
learned
53%
tear
51%
true?
51%
either
49%
havin'
49%
light,
49%
Did
47%
fadin'
47%
let’s
47%
Resigned
40%
shaken,
40%
right
38%
No matching quizzes found
Score Distribution
Percent of People with Each Score
Percentile by Number Answered
Your Score History
You have not taken this quiz